| 000 | 00532nam a22001817a 4500 | ||
|---|---|---|---|
| 005 | 20260430105749.0 | ||
| 008 | 260430b |||||||| |||| 00| 0 eng d | ||
| 020 |
_a9780406850409 _qhbk |
||
| 041 | _aeng | ||
| 082 | _a348.42 ALL.1 | ||
| 245 |
_aThe All England Law Reports 1950 _bincorporating the LAW TIMES REPORTS and the LAW JOURNAL REPORTS _nVol.1 |
||
| 260 |
_aLondon _bThe Law Journal _c1950 |
||
| 300 |
_a1108p. : _c25cm |
||
| 490 | _vVol. 1 | ||
| 504 | _aindex | ||
| 650 | _aLaws, regulations & cases | ||
| 942 | _cENGLISH | ||
| 999 |
_c621646 _d621646 |
||